| 000 | 00419cam a2200169ua 4500 | ||
|---|---|---|---|
| 001 | 8253 | ||
| 008 | 120804n1997 II |||gr||||Z||||||eng | ||
| 040 | _aMAIN | ||
| 041 | _aEnglish | ||
| 082 | _a954 MAH | ||
| 100 | _aMAHAJAN, V. D. | ||
| 245 | _aMODERN INDIAN HISTORY FROM 1707 TO THE PRESENT DAY | ||
| 260 |
_aNEW DELHI _bS.CHAND & COMPANY _c1997 |
||
| 300 |
_a685: _c25CM. |
||
| 653 | _aSouth Asia India | ||
| 942 | _cBK | ||
| 999 |
_c8232 _d8232 |
||